RAIMBOW 6 SIEGE - Statistics

General Stats
  • This quiz has been taken 119 times
  • The average score is 2 of 5
Answer Stats
Question Answer % Correct
which weapons ash use ? R4-C
95%
WHO IS THE WORST AGENT ??? SENS
62%
WHAT IS YOUR FAVORITE BLACK ICE???? 416-C CARABINE
21%
WHICH OPERATORS COUNTRY IS THE BEST ??? FRANCE
21%
WHO'S THE MOST CANCER PLAYERS SPAIN PLAYERS
5%
No matching quizzes found
Score Distribution
Percent of People with Each Score
Percentile by Number Answered
Your Score History
You have not taken this quiz